Introduction to Fourier optics

Uloženo v:
Podrobná bibliografie
Hlavní autor: Goodman, Joseph W (Autor)
Médium: Kniha
Jazyk:angličtina
Vydáno: Boston McGraw-Hill 1996
Vydání:2a. ed
Edice:McGraw-Hill Series in Electrical and Computer Engineering
Témata:
Tagy: Přidat tag
Žádné tagy, Buďte první, kdo vytvoří štítek k tomuto záznamu!

MARC

LEADER 00000nam a2200000 a 4500
001 UCL8819
003 CL-VaPUC
008 040709e19960000US |||||||||||||||||eng|d
020 |a 0070242542 
082 0 4 |a 621.36  |b GOO  |2 21 
100 |a Goodman, Joseph W  |e author  |9 599848 
245 1 0 |a Introduction to Fourier optics 
250 |a 2a. ed 
300 |a 441 p 
942 |c BK 
945 |d 20040709 00:00:00  |a cmena 
260 |a Boston  |b McGraw-Hill  |c 1996 
500 |a Proyecto Mecesup 
650 0 |a Optica   |9 263171 
650 7 |a DIFRACCION  |2 CL-VaPUC  |9 354948 
650 7 |a HOLOGRAFIA  |2 CL-VaPUC  |9 406998 
650 0 |a Optica geométrica  |9 355299 
650 0 |a Física matemática   |9 260981 
650 0 |a Transformada de Fourier  |9 425331 
583 |a last modification  |c 20040709 00:00:00  |k Rodrigo Vera 
490 0 |a McGraw-Hill Series in Electrical and Computer Engineering 
999 |c 309926  |d 309924